| 000 | 00686nam a2200229Ia 4500 | ||
|---|---|---|---|
| 003 | GCL | ||
| 008 | 140319s9999 xx 000 0 ara d | ||
| 020 | _a9048422977 | ||
| 040 |
_aGCL / _cGCL |
||
| 082 | 0 | 4 |
_a813.02 _bل ش |
| 100 | 1 | _aلطيفة الزيات | |
| 245 | 1 | 0 |
_aالشيخوخة : _bوقصص اخرى / _cلطيفة الزيات |
| 250 | _aالاولى | ||
| 260 |
_aالقاهرة : _bدار المستقبل العربى ، _c1986 |
||
| 300 |
_a108 ص ؛ _c18 سم |
||
| 490 | _a | ||
| 650 | 0 | 4 | _aالادب العربى |
| 650 | 0 | 4 | _aالقصص العربية |
| 650 | 0 | 4 | _aالقصص القصيرة |
| 650 | 0 | 4 | _aالقصة العربية |
| 942 |
_2ddc _cBK |
||
| 999 |
_c38048 _d38048 |
||